[Event "Wch Seniors 12th"]
[Site "Naumburg"]
[Date "2002.10.31"]
[Round "9"]
[White "Beckel, Friedrich A"]
[Black "Malin, Klaus"]
[Result "1/2-1/2"]
[WhiteElo "2039"]
[BlackElo "1612"]
[PlyCount "44"]
[EventDate "2002.10.21"]
[EventType "swiss"]
[EventRounds "11"]
[EventCountry "GER"]
[SourceTitle "EXT 2006"]
[Source "ChessBase"]
[SourceDate "2005.11.24"]
[SourceVersion "1"]
[SourceVersionDate "2005.11.24"]
[SourceQuality "1"]

1. e4 e5 2. Nf3 Nc6 3. Bb5 a6 4. Ba4 Nf6 5. 0-0 b5 6. Bb3 Be7 7. Re1 0-0 8. a4 Bb7 9. d3 d6 10. Nc3 Na7 11. Bg5 h6 12. Bd2 c5 13. Ne2 Re8 14. Ng3 Bf8 15. Nf5 Nc6 16. c3 Ne7 17. N3h4 d5 18. axb5 axb5 19. Rxa8 Bxa8 20. Nxe7+ Rxe7 21. exd5 Bxd5 22. Be3 Rd7 1/2-1/2

[Event "Wch Seniors 12th"]
[Site "Naumburg"]
[Date "2002.10.29"]
[Round "7"]
[White "Beckel, Friedrich A"]
[Black "Braun, Gottfried"]
[Result "0-1"]
[WhiteElo "2039"]
[BlackElo "2243"]
[PlyCount "74"]
[EventDate "2002.10.21"]
[EventType "swiss"]
[EventRounds "11"]
[EventCountry "GER"]
[SourceTitle "EXT 2006"]
[Source "ChessBase"]
[SourceDate "2005.11.24"]
[SourceVersion "1"]
[SourceVersionDate "2005.11.24"]
[SourceQuality "1"]

1. e4 c6 2. d4 d5 3. exd5 cxd5 4. c4 Nf6 5. Nc3 Be6 6. c5 g6 7. Bb5+ Bd7 8. Qb3 Bg7 9. Nf3 Nc6 10. 0-0 a6 11. Bd3 0-0 12. h3 Qc7 13. Bg5 e6 14. Rfd1 Nh5 15. Ne2 f5 16. Rac1 Be8 17. g3 h6 18. Bf4 Nxf4 19. Nxf4 Bf7 20. Bf1 g5 21. Ne2 Bh5 22. Bg2 Bf6 23. Bh1 Qg7 24. Qb6 Rae8 25. Rc3 Rf7 26. Rcd3 Bg6 27. R3d2 g4 28. Ne1 Bg5 29. h4 Bxd2 30. Rxd2 f4 31. Nxf4 Rxf4 32. gxf4 Nxd4 33. Qd6 Nf5 34. Qe5 Nxh4 35. Qxg7+ Kxg7 36. b4 Rf8 37. a4 Rxf4 0-1

[Event "Wch Seniors 12th"]
[Site "Naumburg"]
[Date "2002.10.24"]
[Round "4"]
[White "Thuma, Horst"]
[Black "Beckel, Friedrich A"]
[Result "0-1"]
[WhiteElo "1678"]
[BlackElo "2039"]
[PlyCount "116"]
[EventDate "2002.10.21"]
[EventType "swiss"]
[EventRounds "11"]
[EventCountry "GER"]
[SourceTitle "EXT 2006"]
[Source "ChessBase"]
[SourceDate "2005.11.24"]
[SourceVersion "1"]
[SourceVersionDate "2005.11.24"]
[SourceQuality "1"]

1. e4 c5 2. Nf3 d6 3. d4 cxd4 4. Nxd4 Nf6 5. Nc3 g6 6. Be2 Bg7 7. Be3 0-0 8. f3 Nc6 9. Qd2 d5 10. exd5 Nxd5 11. Nxd5 Qxd5 12. c4 Qh5 13. Nxc6 bxc6 14. Rd1 Be6 15. 0-0 Qe5 16. b3 a5 17. f4 Qc7 18. Bf3 a4 19. Qf2 Rfb8 20. Qc2 axb3 21. axb3 Ra3 22. Rb1 Bf5 23. Be4 Bxe4 24. Qxe4 Raxb3 25. Rxb3 Rxb3 26. Bc5 Bf6 27. Rd1 Rb2 28. Re1 Ra2 29. Bxe7 Bxe7 30. Qxe7 Qxf4 31. Qe8+ Kg7 32. Qe5+ Qf6 33. h3 Rc2 34. Qxf6+ Kxf6 35. Re4 h5 36. g4 hxg4 37. hxg4 Kg5 38. Kf1 f5 39. gxf5 gxf5 40. Rd4 c5 41. Rd8 Rxc4 42. Rg8+ Kf4 43. Rh8 Rd4 44. Ke2 Re4+ 45. Kf2 Ke5 46. Re8+ Kd4 47. Rd8+ Kc3 48. Kf3 c4 49. Rf8 Kc2 50. Rxf5 Re8 51. Rc5 c3 52. Rd5 Kc1 53. Kf2 c2 54. Rb5 Re6 55. Kf1 Re4 56. Kf2 Kd2 57. Rd5+ Kc3 58. Rc5+ Rc4 0-1

[Event "Wch Seniors 12th"]
[Site "Naumburg"]
[Date "2002.10.23"]
[Round "3"]
[White "Beckel, Friedrich A"]
[Black "Chehlov, Aleksander"]
[Result "0-1"]
[WhiteElo "2039"]
[BlackElo "2274"]
[PlyCount "78"]
[EventDate "2002.10.21"]
[EventType "swiss"]
[EventRounds "11"]
[EventCountry "GER"]
[SourceTitle "EXT 2006"]
[Source "ChessBase"]
[SourceDate "2005.11.24"]
[SourceVersion "1"]
[SourceVersionDate "2005.11.24"]
[SourceQuality "1"]

1. e4 e5 2. Nf3 Nc6 3. Bb5 a6 4. Ba4 d6 5. 0-0 Bd7 6. c3 Nf6 7. Re1 g6 8. d4 Qe7 9. Nbd2 Bg7 10. Bc2 0-0 11. Nf1 Rae8 12. Bg5 h6 13. Bxf6 Qxf6 14. Ne3 exd4 15. Nd5 Qd8 16. Nxd4 Nxd4 17. cxd4 c6 18. Nc3 Qb6 19. Ne2 Bg4 20. f3 Be6 21. Qd3 d5 22. Kh1 dxe4 23. fxe4 Rd8 24. Qa3 Bg4 25. e5 Bxe2 26. Rxe2 Qxd4 27. e6 fxe6 28. Qb3 Qxb2 29. Qxe6+ Kh8 30. Rae1 Rf6 31. Qe7 Rdf8 32. h3 Qd4 33. Qe3 Qd6 34. Qc1 b5 35. Re7 Qd4 36. Qe3 Rf1+ 37. Kh2 Rxe1 38. Qxe1 Qd6+ 39. g3 Qf6 0-1